[Event "11th Gibraltar Masters"]
[Site "Caleta ENG"]
[Date "2013.01.22"]
[Round "1.102"]
[White "Candano Gonzalez,A"]
[Black "Garcia Jimenez,F"]
[Result "0-1"]
[WhiteElo "1717"]
[BlackElo "2278"]

1.e4 d5 2.exd5 Qxd5 3.Nc3 Qd6 4.d4 Nf6 5.Nge2 Bg4 6.Bf4 Bxe2 7.Nxe2 Qb6 8.g3 Qc6
9.d5 Qxd5 10.Bxc7 Nc6 11.Qxd5 Nxd5 12.Bf4 e5 13.Bd2 O-O-O 14.O-O-O Bc5 15.a3 f6
16.Bh3+ Kb8 17.Rhf1 Rhe8 18.c4 Nb6 19.b4 Bf8 20.c5 Nc4 21.Bg2 Nxa3 22.f4 e4
23.f5 Nc4 24.Nc3 e3 25.Be1 Nxb4 26.Ne4 Nd3+ 27.Kc2 Nxc5 28.Rxd8+ Rxd8 29.g4 e2
30.Bg3+ Ka8 31.Nxc5 Bxc5 32.Rf3 Ne3+  0-1

[Event "Marianske Lazne Open 2013"]
[Site "Marianske Lazne CZE"]
[Date "2013.01.22"]
[Round "4.7"]
[White "Kubecka,D"]
[Black "Kolbus,D"]
[Result "1/2-1/2"]
[WhiteElo "2218"]
[BlackElo "2302"]

1.e4 d5 2.exd5 Qxd5 3.Nc3 Qd6 4.Nf3 Nf6 5.d3 c6 6.g3 Bg4 7.h3 Bxf3 8.Qxf3 Nbd7
9.Bg2 e6 10.O-O Qc7 11.b3 Bd6 12.Bb2 O-O 13.Rad1 Rad8 14.Rfe1 Rfe8 15.d4 Nf8
16.Ne4 Be7 17.c4 Nxe4 18.Qxe4 Bf6 19.Re2 Re7 20.Red2 Red7 21.Qe3 c5 22.Bc3 cxd4
23.Bxd4 Bxd4 24.Rxd4 b6 25.Kf1 a5 26.Ke2 h5 27.h4 g6 28.Bf3 Rxd4 29.Rxd4 Rxd4
30.Qxd4 Nd7 31.Be4 Kf8 32.a3 Ke7 33.b4 axb4 34.axb4 Ne5 35.Bd3 Nc6 36.Qc3 Qd6
37.c5 bxc5 38.bxc5 Qd5 39.Ke3 Qd7 40.Bb5 Qb7 41.Bxc6 Qxc6 42.Qa5 e5 43.Qa7+ Ke6
44.Qb6 Kd7 45.f4 exf4+ 46.Kxf4 Qxb6 47.cxb6 f6 48.Ke4 Kc6 49.b7 Kxb7 50.Kd5 Kc7
51.Ke6 g5 52.Kxf6 gxh4 53.gxh4 Kd7  1/2-1/2

[Event "Kislovodsk Open 2013"]
[Site "Kislovodsk RUS"]
[Date "2013.01.23"]
[Round "9"]
[White "Karabashev,S"]
[Black "Sakhvadze,G"]
[Result "0-1"]
[WhiteElo "2071"]
[BlackElo "2119"]

1.e4 d5 2.exd5 Qxd5 3.Nc3 Qd6 4.d4 Nf6 5.Nf3 Bg4 6.Be2 a6 7.O-O Nc6 8.Be3 Bxf3
9.Bxf3 O-O-O 10.Ne2 e5 11.Bxc6 Qxc6 12.Qc1 Ng4 13.dxe5 Nxe5 14.c3 Qg6 15.b4 Bd6
16.Nf4 Qh6 17.Nh3 Qh5 18.Nf4 Qh4 19.Qc2 g6 20.Qe2 Rhe8 21.g3 Qf6 22.Kg2 h5
23.b5 a5 24.c4 Ng4 25.Nd5 Qf5 26.h3 Qe4+ 27.Kg1 Ne5 28.Nf6 Nf3+ 29.Kh1 Qf5
30.Kg2 Ng5 31.Nxe8 Qxh3+ 32.Kg1 Rxe8 33.Rae1 h4 34.c5 hxg3 35.fxg3 Qxg3+
36.Qg2 Nf3+ 37.Rxf3 Qxe1+ 38.Qf1 Rxe3 39.cxd6 Qxf1+ 40.Rxf1 cxd6 41.Rxf7 Re2  0-1

[Event "Marianske Lazne GM 2013"]
[Site "Marianske Lazne CZE"]
[Date "2013.01.25"]
[Round "8.5"]
[White "Kargin,A"]
[Black "Fries Nielsen,JO"]
[Result "1-0"]
[WhiteElo "2417"]
[BlackElo "2370"]

1.e4 d5 2.exd5 Qxd5 3.Nc3 Qd8 4.d4 a6 5.Bc4 Nf6 6.Nf3 b5 7.Bb3 Bb7 8.Qe2 e6
9.Bg5 c5 10.dxc5 Bxc5 11.Nd2 Nc6 12.O-O-O Nd4 13.Qe5 Be7 14.h4 Bxg2 15.Rhg1 Bb7
16.Nde4 Nxb3+ 17.axb3 Qb8 18.Bxf6 Qxe5 19.Bxe5 b4 20.Bxg7 Rg8 21.Nf6+ Bxf6
22.Bxf6 Rxg1 23.Rxg1 bxc3 24.bxc3 h5 25.Rd1 Kf8 26.c4 Kg8 27.Rg1+ Kf8 28.Kb2 Rc8
29.Kc3 Rc5 30.Rd1 Kg8 31.Rg1+ Kf8 32.Rd1 Kg8 33.Rd8+ Kh7 34.Rd7 Bh1 35.Rxf7+ Kg6
36.Rf8 Rf5 37.Be7 Rxf8 38.Bxf8 Kf7 39.Bh6 Be4 40.b4 Ke7 41.b5 Kd7 42.Bf4 Kc8
43.bxa6 Kd7 44.Kd4 Ba8 45.Ke5 Bf3 46.Kf6 Bg2 47.Kg5 Bf3 48.a7 Ke7 49.c5 Kf7
50.Be5 Ke8 51.c6 Bxc6 52.Kxh5 Kf7 53.Kg5  1-0

[Event "11th Gibraltar Masters"]
[Site "Caleta ENG"]
[Date "2013.01.26"]
[Round "5.83"]
[White "Freuler,R"]
[Black "Vinas Guerrero,C"]
[Result "0-1"]
[WhiteElo "2098"]
[BlackElo "2167"]

1.e4 d5 2.exd5 Qxd5 3.Nc3 Qd6 4.d4 Nf6 5.Nf3 a6 6.Be2 Nc6 7.Be3 Bf5 8.Nh4 Bg6
9.Qd2 O-O-O 10.O-O-O e6 11.Nxg6 hxg6 12.Bf3 Nb4 13.d5 Nbxd5 14.Nxd5 exd5
15.c4 Qb4 16.Qxb4 Bxb4 17.cxd5 Bd6 18.h4 Rhe8 19.Rhe1 Re5 20.Bd2 Rxe1 21.Bxe1 Bc5
22.Kc2 Re8 23.a3 Ne4 24.Bxe4 Rxe4 25.f3 Re2+ 26.Kc3 Rxg2 27.Rd2 Rxd2 28.Kxd2 Bd4
29.b3 Kd7 30.Kd3 Bb2 31.a4 Bf6 32.Kc4 Kd6 33.Bg3+ Be5 34.Bf2 Bf4 35.Kd4 f5
36.Be1 g5 37.hxg5 Bxg5 38.Bb4+ Kd7 39.Ke5 g6 40.Kd4 Bf6+ 41.Kc4 g5 42.Kd3 Be5
43.Bd2 g4 44.fxg4 fxg4 45.Ke4 Bd6 46.Be3 Ke7 47.Bg5+ Kf7 48.Kf5 g3 49.Be3 g2
50.Bg1 b6 51.Ke4 Bc5  0-1

[Event "Marianske Lazne Open 2013"]
[Site "Marianske Lazne CZE"]
[Date "2013.01.26"]
[Round "9.44"]
[White "Truksa,V2"]
[Black "Kjaer,Thomas"]
[Result "1-0"]
[WhiteElo "1684"]
[BlackElo "1832"]

1.e4 d5 2.exd5 Qxd5 3.Nc3 Qd8 4.Bc4 Nf6 5.Nf3 Bg4 6.Bxf7+ Kxf7 7.Ne5+ Kg8
8.Nxg4 Nc6 9.O-O Qd7 10.Nxf6+ exf6 11.d3 Bd6 12.Ne4 Be5 13.c3 Re8 14.Nc5 Qc8
15.Qb3+ Kf8 16.Nxb7 Bd6 17.Nxd6 cxd6 18.Qd5  1-0

[Event "18th HIT Open A 2013"]
[Site "Nova Gorica SLO"]
[Date "2013.01.26"]
[Round "2.4"]
[White "Bellia,F"]
[Black "Pirs,M2"]
[Result "0-1"]
[WhiteElo "2448"]
[BlackElo "2053"]

1.e4 d5 2.exd5 Qxd5 3.Nc3 Qd6 4.d4 a6 5.Nf3 Nf6 6.g3 e6 7.Bg2 Be7 8.O-O O-O
9.Bf4 Qd8 10.Ne5 Nd5 11.Nxd5 exd5 12.c3 c6 13.Qb3 Nd7 14.Nxd7 Qxd7 15.Rfe1 Bd6
16.Be5 Bxe5 17.Rxe5 f6 18.Re3 Re8 19.Rae1 Rxe3 20.Rxe3 b5 21.Qb4 Kf7 22.Qc5 g6
23.b3 Bb7 24.Bh3 f5 25.Re5 Re8 26.f4 Re6 27.Kf2 Qe7 28.Qb6 h5 29.Bg2 Qd7
30.Bxd5 cxd5 31.Rxe6 Qxe6 32.Qxb7+ Kf6 33.h4 Qd6 34.Qa8 Kf7 35.Qc8 Qa3 36.Qd7+ Kf6
37.Qxd5 Qxa2+ 38.Ke3 Qa1 39.Qe5+ Kf7 40.d5 Qg1+ 41.Kd2 Qf2+ 42.Kd1 Qxg3 43.d6 Qxh4
44.Qd5+ Kf8 45.Qa8+ Kf7 46.d7 Qg4+ 47.Kc1 Qxf4+ 48.Kb1 Qf1+ 49.Ka2 Qe2+ 50.Kb1 Qd1+
51.Kb2 Qxd7 52.Qxa6 Qd2+ 53.Ka3 Qxc3 54.Qxb5 Kf6 55.Qb8 Kg5 56.Qd8+ Kg4 57.Qd1+ Kf4
58.Qd6+ Kg5 59.Qd8+ Qf6 60.Qd2+ f4 61.Qg2+ Kh6 62.Qf3 Qe7+ 63.Ka4 Qe3 64.Qa8 f3
65.Qf8+ Kg5 66.Qd8+ Kg4 67.Qd7+ Kg3 68.Qc6 g5  0-1

[Event "18th HIT Open A 2013"]
[Site "Nova Gorica SLO"]
[Date "2013.01.26"]
[Round "3.5"]
[White "Tomazini,Z"]
[Black "Pirs,M2"]
[Result "1-0"]
[WhiteElo "2356"]
[BlackElo "2053"]

1.e4 d5 2.exd5 Qxd5 3.Nc3 Qd6 4.d4 a6 5.g3 Nf6 6.Bg2 e6 7.Nf3 Be7 8.O-O O-O
9.Bf4 Qd8 10.Qe2 Nd5 11.Bd2 Nxc3 12.Bxc3 Bd7 13.Bd2 Bc6 14.c4 Nd7 15.Bc3 Nf6
16.b3 Re8 17.Rfe1 a5 18.Qc2 Qc8 19.d5 exd5 20.Ng5 Ne4 21.cxd5 Nxg5 22.dxc6 b6
23.h4 Ne6 24.Be4 h6 25.Bd5 Nf8 26.Qe4 Bb4 27.Qf3 Ne6 28.Bxb4 axb4 29.Qg4 Nc5
30.Qxb4 Qf5 31.Rxe8+ Rxe8 32.Qd2 Qe5 33.Rd1 Kf8 34.Bg2 Kg8 35.b4 Ne6 36.Re1 Qb5
37.Qd7 Kf8 38.Qd2 Rd8 39.Qc3 Rd6 40.Re5 Qa4 41.a3 Qd1+ 42.Re1 Qa4 43.Kh2 Qb5
44.Re5 Qa4 45.Rf5 Qd1 46.Qe5 Qd4 47.Qe2 Qd3 48.Qh5 Nd8 49.Bd5 g6 50.Qxh6+ Kg8
51.Re5 Ne6 52.Bxe6 Rxe6 53.Rxe6 fxe6 54.Qf4 Qf1 55.Qf6 Kh7 56.Qf7+ Kh6 57.g4 Qe2
58.Kg3 Qd3+ 59.f3  1-0

[Event "18th HIT Open A 2013"]
[Site "Nova Gorica SLO"]
[Date "2013.01.26"]
[Round "3.30"]
[White "Feltrin,Kris"]
[Black "Krejic,Nik"]
[Result "1-0"]
[WhiteElo "1727"]
[BlackElo "1551"]

1.e4 d5 2.exd5 Qxd5 3.Nc3 Qd6 4.Nf3 Nf6 5.d4 c6 6.g3 Bg4 7.Bg2 e6 8.Bf4 Qd8
9.O-O Bd6 10.Qd2 O-O 11.Ne5 Bf5 12.Rad1 Qc7 13.Rfe1 Nbd7 14.h3 h6 15.g4 Bh7
16.Bg3 Rfd8 17.Qe2 Nd5 18.Nxd5 cxd5 19.c3 Nxe5 20.Bxe5 Bxe5 21.dxe5 Rac8
22.Rd4 Qe7 23.Red1 Rd7 24.Qe3 a6 25.Kh2 Rdc7 26.f4 Rc4 27.f5 exf5 28.Bxd5 Rxd4
29.Qxd4 fxg4 30.hxg4 Bg6 31.Kg3 Re8 32.Re1 Rd8 33.c4 Kh8 34.Qb6 Rd7 35.Re3 f6
36.exf6 Qxf6 37.Qxf6 gxf6 38.Re6 Kg7 39.Rb6 Bf7 40.Bxb7 Bxc4 41.b3 Rd3+ 42.Kf4 Bb5
43.Bxa6 Bxa6 44.Rxa6 Kg6 45.Ra5 Rd4+ 46.Kf3 Rd3+ 47.Ke4 Rg3 48.Kf4 Rd3 49.Rb5 Rd4+
50.Kf3 Rd3+ 51.Ke4 Rg3 52.Kf4 Rg1 53.a4 Rf1+ 54.Ke3 Rg1 55.Kf3 Rf1+ 56.Kg2 Rf4
57.Kg3 Rd4 58.a5 Rd2 59.b4 Ra2  1-0

[Event "11th Gibraltar Masters"]
[Site "Caleta ENG"]
[Date "2013.01.27"]
[Round "6.115"]
[White "Diaz Gallego,S"]
[Black "Savage,Neil"]
[Result "0-1"]
[WhiteElo "1655"]
[BlackElo "1620"]

1.e4 d5 2.exd5 Qxd5 3.Nc3 Qd6 4.Nf3 Nf6 5.h3 c6 6.d4 Bf5 7.Bd3 Bxd3 8.Qxd3 e6
9.Ne5 Be7 10.Bf4 Qd8 11.O-O-O Nbd7 12.Qf3 O-O 13.g4 Nb6 14.h4 Nfd5 15.Nxd5 Nxd5
16.Bd2 Rc8 17.Qb3 Qc7 18.f4 c5 19.dxc5 Bxc5 20.Nd3 Rfd8 21.Nxc5 Qxc5 22.Rh3 Rd7
23.Bc3 Rcd8 24.Bd4 Nxf4 25.Rc3 Ne2+ 26.Kb1 Rxd4 27.Rxd4 Qxd4 28.a3 Nxc3+
29.bxc3 Qe4 30.Kb2 Rd6  0-1

[Event "11th Gibraltar Masters"]
[Site "Caleta ENG"]
[Date "2013.01.27"]
[Round "6.36"]
[White "Poetsch,H"]
[Black "Dolzhikova,O"]
[Result "0-1"]
[WhiteElo "2437"]
[BlackElo "2239"]

1.e4 d5 2.exd5 Qxd5 3.Nc3 Qd6 4.d4 Nf6 5.Nf3 a6 6.g3 Bg4 7.Bg2 Nc6 8.O-O O-O-O
9.d5 Ne5 10.Bf4 Bxf3 11.Bxf3 Nxf3+ 12.Qxf3 e5 13.Bg5 h6 14.Bxf6 Qxf6 15.Qe3 Kb8
16.Rad1 h5 17.Rfe1 Bd6 18.Ne4 Qg6 19.c4 Bb4 20.Nc3 h4 21.Qxe5 hxg3 22.hxg3 f5
23.Kg2 Bd6 24.Qe2 f4 25.Qd3 Qg4 26.Rh1 Rdf8 27.Rxh8 Rxh8 28.Rg1 fxg3 29.fxg3 Qh3+  0-1

[Event "18th HIT Open A 2013"]
[Site "Nova Gorica SLO"]
[Date "2013.01.27"]
[Round "4.12"]
[White "Lazar,Ales ST"]
[Black "Petrovic,Mark"]
[Result "1-0"]
[WhiteElo "2131"]
[BlackElo "1949"]

1.e4 d5 2.exd5 Qxd5 3.Nc3 Qd8 4.Nf3 Bg4 5.h3 Bh5 6.Be2 Nd7 7.d4 c6 8.d5 Qc7
9.Qd4 Bxf3 10.Bxf3 Qe5+ 11.Be3 Qxd4 12.Bxd4 c5 13.Be3 g6 14.O-O-O O-O-O 15.Ne4 b6
16.Rhe1 Ne5 17.Be2 h5 18.Bf4 Bh6 19.Bxh6 Rxh6 20.Ba6+ Kc7 21.Ng5 Rf8  1-0

[Event "11th Gibraltar Masters"]
[Site "Caleta ENG"]
[Date "2013.01.28"]
[Round "7.76"]
[White "Seyfried,C"]
[Black "Grigoryan,Meri"]
[Result "1-0"]
[WhiteElo "2177"]
[BlackElo "2025"]

1.e4 d5 2.exd5 Qxd5 3.Nc3 Qd6 4.d4 Nf6 5.Bc4 a6 6.Nge2 Qc6 7.Qd3 Qxg2 8.Rg1 Qh3
9.Rg3 Qf5 10.Qe3 Ng4 11.Qf4 Qxf4 12.Bxf4 b5 13.Nd5 Ra7 14.Nxc7+ Kd8 15.Bxf7 Rxc7
16.Bxc7+ Kxc7 17.Rc3+ Kd8 18.Rxc8+ Kxc8 19.Be6+ Kc7 20.Bxg4 h5 21.Bf5 Nc6
22.O-O-O g5 23.h3 Bh6 24.d5 Rf8 25.dxc6 Rxf5 26.Rd7+ Kxc6 27.Rxe7 Rxf2 28.Re6+ Kb7
29.Rxh6 Rxe2 30.Rxh5 Rg2 31.Rh6 g4 32.hxg4 Rxg4 33.Kd2 Rg2+ 34.Kc3 Rg3+ 35.Kb4 Rg4+
36.Kb3 Rg3+ 37.c3 Rg4 38.Rd6 Rh4 39.Rd4 Rh2 40.a4 Kc6 41.Rg4 Rh6 42.Kb4 Kb6
43.b3 Rf6 44.a5+ Kc6 45.Rg7 Rf4+ 46.Ka3 Rf6 47.Ra7 Kc5 48.Rc7+ Kd5 49.Rd7+ Kc6
50.Ra7 Kc5 51.b4+ Kd5 52.Kb3 Rh6 53.Rc7 Rg6 54.c4+ bxc4+ 55.Rxc4 Rg3+ 56.Rc3 Rg6
57.b5 Rh6 58.b6 Rh7 59.Rg3 Kc6 60.Rg4 Kb5 61.Rg5+ Kc6 62.Re5 Rh3+ 63.Kc4 Rh4+
64.Kc3 Ra4 65.Kb3 Ra1 66.Rf5 Rb1+ 67.Ka2 Rb4 68.Ka3 Rb1 69.Rf6+ Kc5 70.Rf2 Kc6
71.Rc2+ Kd6 72.Rb2 Ra1+ 73.Kb4 Kc6 74.Rc2+ Kd6 75.Rc3 Ra2 76.Rc1 Rb2+ 77.Ka3 Rb5
78.Ka4 Rb2 79.Rc3 Ra2+ 80.Kb4 Ra1 81.Rh3 Ra2 82.Rh6+ Kd5 83.Rh7 Rb2+ 84.Kc3 Rb1
85.Ra7 Kc6 86.Rxa6 Ra1 87.Ra7 Ra4 88.Kb3 Ra1 89.Rc7+ Kd6 90.Kb4 Rb1+ 91.Ka4 Rb2
92.Rc4 Kd7 93.Rb4 Ra2+ 94.Kb5 Kc8 95.Ka6 Rd2 96.Ka7  1-0

[Event "11th Gibraltar Masters"]
[Site "Caleta ENG"]
[Date "2013.01.29"]
[Round "8.110"]
[White "Skrabakova,Katarina"]
[Black "Savage,Neil"]
[Result "1-0"]
[WhiteElo "1991"]
[BlackElo "1620"]

1.e4 d5 2.exd5 Qxd5 3.Nc3 Qd6 4.d4 Nf6 5.Nf3 c6 6.g3 Bg4 7.Bg2 e6 8.Bf4 Qd8
9.Qd2 Nbd7 10.h3 Bh5 11.g4 Bg6 12.Ne5 Nb6 13.h4 h6 14.Nxg6 fxg6 15.O-O-O Bd6
16.Bxd6 Qxd6 17.Ne4 Qe7 18.g5 Nfd5 19.Bh3 h5 20.Nc5 O-O 21.Nxe6 Rf3 22.Qe2 Raf8
23.Qe4 Nc3 24.Qxg6 Nxd1 25.Nxf8 Nxf2 26.Be6+ Kxf8 27.Qxh5  1-0

[Event "11th Gibraltar Masters"]
[Site "Caleta ENG"]
[Date "2013.01.29"]
[Round "8.80"]
[White "Canonne,A"]
[Black "Marttala,T"]
[Result "0-1"]
[WhiteElo "2002"]
[BlackElo "2217"]

1.e4 d5 2.exd5 Qxd5 3.Nc3 Qd6 4.Bc4 c6 5.d4 Nf6 6.Nge2 Bf5 7.Bf4 Qb4 8.Bb3 e6
9.O-O Be7 10.Bc7 b6 11.a3 Qa5 12.Bc4 Bg6 13.Be5 b5 14.b4 Qd8 15.Bd3 Nbd7
16.Bg3 a5 17.Rb1 Nb6 18.Bxg6 hxg6 19.Qd3 Nc4 20.Nd1 axb4 21.axb4 Ra3 22.Rb3 Bxb4
23.Rxa3 Bxa3 24.Ne3 Nxe3 25.fxe3 Bd6 26.e4 Bxg3 27.Nxg3 e5 28.c3 O-O 29.Rd1 Qb6
30.h3 Rd8 31.Kh2 c5 32.d5 c4 33.Qe2 Ne8 34.Ra1 Nd6 35.Qd2 Re8 36.Qg5 Qd8
37.Qg4 Qb6 38.Qg5 b4 39.cxb4 c3 40.Qc1 Rc8 41.Qc2 Qxb4 42.Ra4 Qb2 43.Ra2 Qxc2
44.Rxc2 Kf8 45.Kg1 f5 46.exf5 gxf5 47.Kf2 Ke7 48.Ke2 Kf6 49.Kd3 e4+ 50.Ke3 Ke5
51.Ne2 f4+ 52.Kf2 Nf5 53.h4 e3+ 54.Kf1 Kxd5 55.Nxf4+ Ke4 56.g3 Nd4 57.Rc1 c2
58.Ne2 Nb3  0-1

[Event "18th HIT Open A 2013"]
[Site "Nova Gorica SLO"]
[Date "2013.01.29"]
[Round "7.21"]
[White "Bratkovic,Jakob"]
[Black "Krejic,Nik"]
[Result "1-0"]
[WhiteElo "1941"]
[BlackElo "1551"]

1.e4 d5 2.exd5 Qxd5 3.Nc3 Qd6 4.d4 Nf6 5.Nf3 c6 6.g3 Bg4 7.Bg2 e6 8.O-O Qc7
9.Bg5 Nbd7 10.Ne2 h6 11.Bf4 Bd6 12.Bxd6 Qxd6 13.h3 Bxf3 14.Bxf3 O-O 15.Bg2 Nb6
16.c3 Rad8 17.Qc2 Rfe8 18.b4 e5 19.dxe5 Qxe5 20.Nf4 Nbd5 21.Nxd5 Nxd5 22.c4 Nf6
23.a4 a6 24.Rad1 Rxd1 25.Rxd1 Qe2 26.Qxe2 Rxe2 27.b5 axb5 28.axb5 cxb5 29.cxb5 Rb2
30.Rd8+ Kh7 31.Bf1 Ne4 32.Bd3 f5 33.Rd5 Rb3 34.g4 Rb2 35.Rxf5 Nd2 36.Rd5+ Kg8
37.Rd8+ Kf7 38.Rd7+ Kf6 39.Kg2 Nb3 40.Rxb7 Nc5 41.Rb6+ Kf7 42.Bf5 Rb4 43.h4 Rb2
44.h5 Rb4 45.Rb8 Na4 46.f3 Rb2+ 47.Kg3 Rb4 48.Be4 Rb2 49.Bc6 Rb4 50.Rb7+ Kf8
51.Kf2 Rb2+ 52.Ke3 Rb4 53.Be4 Nc5 54.Rb8+ Kf7 55.Kf4 Na4 56.Ke5 Rb2 57.Rb7+ Ke8
58.Kd6 Rb4 59.Bg6+  1-0

[Event "11th Gibraltar Masters"]
[Site "Caleta ENG"]
[Date "2013.01.30"]
[Round "9.55"]
[White "Roser,K"]
[Black "Marttala,T"]
[Result "1-0"]
[WhiteElo "2409"]
[BlackElo "2217"]

1.e4 d5 2.exd5 Qxd5 3.Nc3 Qd6 4.d4 Nf6 5.Nf3 Bg4 6.h3 Bxf3 7.Qxf3 c6 8.Be3 e6
9.O-O-O Nbd7 10.g4 h6 11.Kb1 Qc7 12.Bd3 Bb4 13.Ne2 Bd6 14.h4 h5 15.g5 Nd5
16.g6 N7f6 17.c4 Nxe3 18.fxe3 c5 19.Nc3 O-O-O 20.Nb5 Qb6 21.gxf7 Bf8 22.d5 a6
23.Nc3 Kb8 24.Be4 Ka7 25.dxe6 Rxd1+ 26.Rxd1 Qxe6 27.Bxb7 Be7 28.Bd5 Qe5 29.Qf4 Ng4
30.Be6 Qxf4 31.exf4 Nf6 32.Rg1 Bf8 33.Kc2 Kb6 34.a3 a5 35.Kb3 Ka6 36.Ka4 Kb6
37.Rg3 Rh6 38.f5 Kc6 39.Kxa5 Ng4 40.Rd3 Ne5 41.Rd8  1-0

[Event "18th HIT Open A 2013"]
[Site "Nova Gorica SLO"]
[Date "2013.01.30"]
[Round "9.17"]
[White "Rusjan,D"]
[Black "Krejic,Nik"]
[Result "1-0"]
[WhiteElo "2084"]
[BlackElo "1551"]

1.e4 d5 2.exd5 Qxd5 3.Nc3 Qd6 4.d4 Nf6 5.Nf3 c6 6.Bc4 Bg4 7.Be3 e6 8.h3 Bh5
9.Qe2 Nbd7 10.O-O-O b5 11.Bb3 a5 12.a4 b4 13.Nb1 Qc7 14.Nbd2 Bd6  1-0

[Event "11th Gibraltar Masters"]
[Site "Caleta ENG"]
[Date "2013.01.31"]
[Round "10.72"]
[White "Uran Bermudez,Oliver Kevin"]
[Black "Stockmann,M"]
[Result "1/2-1/2"]
[WhiteElo "2113"]
[BlackElo "2312"]

1.e4 d5 2.exd5 Qxd5 3.Nc3 Qd6 4.d4 Nf6 5.Nf3 a6 6.Be2 b5 7.Ne5 Bb7 8.Bf4 Qd8
9.Bf3 Nd5 10.Nxd5 Bxd5 11.c4 bxc4 12.Qa4+ c6 13.Nxc6 Nxc6 14.Qxc6+ Bxc6 15.Bxc6+ Qd7
16.Bxd7+ Kxd7 17.Rc1 Rc8 18.Ke2 e6 19.Rc2 Bd6 20.Bxd6 Kxd6 21.Rhc1 Rb8 22.Rxc4 Rxb2+
23.R1c2 Rxc2+ 24.Rxc2 Rb8 25.Kd3 Rb5 26.f4 h5 27.g3 g6 28.Kc4 Ra5 29.Kb4 Rb5+
30.Kc4  1/2-1/2

[Event "ch-TUR 2013"]
[Site "Antalya TUR"]
[Date "2013.02.02"]
[Round "1.17"]
[White "Eminov,O"]
[Black "Tahaoglu,Erson"]
[Result "1-0"]
[WhiteElo "2251"]
[BlackElo "1713"]

1.e4 d5 2.exd5 Qxd5 3.Nc3 Qd6 4.d4 c6 5.g3 Bf5 6.Bg2 Nf6 7.Nge2 e6 8.O-O Nbd7
9.Bf4 Qb4 10.Rb1 Be7 11.a3 Qa5 12.b4 Qd8 13.h3 Nd5 14.Ne4 N7f6 15.Nc5 Nxf4
16.Nxf4 Bxc5 17.bxc5 Qc7 18.Rb4 g5 19.Nh5 Nxh5 20.Qxh5 h6 21.Rfb1 Bg6 22.Qf3 Rc8
23.Rxb7 Qa5 24.Qe3 O-O 25.h4 gxh4 26.gxh4 h5 27.Be4 Qd8 28.Bxg6 fxg6 29.Qxe6+ Kh8
30.Qxg6  1-0

[Event "TCh-CAT Div Hon 2013"]
[Site "Catalonia ESP"]
[Date "2013.02.02"]
[Round "3.7"]
[White "Vehi Bach,V"]
[Black "Garcia Jimenez,F"]
[Result "1/2-1/2"]
[WhiteElo "2309"]
[BlackElo "2278"]

1.e4 d5 2.exd5 Qxd5 3.Nc3 Qd8 4.d4 Nf6 5.Bc4 a6 6.a4 Nc6 7.Nf3 Bf5 8.O-O e6
9.Be3 Nb4 10.Bb3 Bd6 11.h3 h6 12.Ne2 O-O 13.c4 c6 14.Ng3 Bh7 15.Qd2 a5 16.Bf4 Bxf4
17.Qxf4 Qb6 18.Qe3 Rfd8 19.c5 Qc7 20.Ne5 Bc2 21.Bc4 Bh7 22.Bb3 Bc2 23.Bc4 Bh7
24.Bb3 Bc2  1/2-1/2

[Event "Bundesliga 2012-13"]
[Site "Emsdetten GER"]
[Date "2013.02.02"]
[Round "7"]
[White "Pruijssers,R"]
[Black "Tiviakov,S"]
[Result "1/2-1/2"]
[WhiteElo "2519"]
[BlackElo "2659"]

1.e4 d5 2.exd5 Qxd5 3.Nc3 Qd6 4.d4 Nf6 5.Nf3 g6 6.Be2 Bg7 7.Ne5 O-O 8.O-O Be6
9.Bf4 Qd8 10.Re1 c6 11.Qd2 Nbd7 12.Rad1 Re8 13.Qc1 Nb6 14.b3 a5 15.a4 Bf5
16.Na2 Nbd5 17.Bd2 Nc7 18.c4 Qxd4 19.Bf4 Qc5 20.Nxf7 Kxf7 21.Be3 Qe5 22.Bf4 Qc5
23.Be3 Qe5 24.Bf4 Qc5  1/2-1/2

[Event "TCh-SWE Elite 2012-13"]
[Site "Sweden SWE"]
[Date "2013.02.02"]
[Round "5"]
[White "Nilsson,S"]
[Black "Kinnmark,O"]
[Result "1-0"]
[WhiteElo "2330"]
[BlackElo "2277"]

1.e4 d5 2.exd5 Qxd5 3.Nc3 Qd8 4.d4 g6 5.Bf4 Bg7 6.Qd2 Nf6 7.O-O-O a6 8.Nf3 b5
9.Ne5 Bb7 10.f3 Nd5 11.Nxd5 Bxd5 12.Bh6 O-O 13.h4 f6 14.Ng4 Rf7 15.h5 g5
16.f4 gxf4 17.Bxf4 Be6 18.Be2 Nd7 19.Bf3 Nb6 20.d5 Bxg4 21.Bxg4 Nc4 22.Qd3 f5
23.Bxf5 Nxb2 24.Qe4 Kh8 25.h6 Bf6 26.Be6 Rf8 27.Rdf1 Na4 28.Qe3 Nc3 29.Rh5 Nxa2+
30.Kd2 c6 31.d6 Qa5+ 32.Ke2 Nc3+ 33.Kf2 Qb4 34.dxe7 Bd4 35.exf8=Q+ Rxf8 36.Kg3 Rxf4
37.Rxf4  1-0

[Event "TCh-AUT 2 East 2012-13"]
[Site "Austria AUT"]
[Date "2013.02.03"]
[Round "7.6"]
[White "Reitgruber,D"]
[Black "Steinert,Mart"]
[Result "0-1"]
[WhiteElo "1945"]
[BlackElo "2094"]

1.e4 d5 2.exd5 Qxd5 3.Nc3 Qd6 4.Bc4 a6 5.Nf3 Nf6 6.h3 e6 7.d4 b5 8.Bd3 Bb7
9.Bg5 Nbd7 10.Qd2 Qb6 11.O-O-O Qa5 12.Ne5 b4 13.Nc4 bxc3 14.Nxa5 cxd2+ 15.Bxd2 Bxg2
16.Rhg1 Be4 17.Be2 g6 18.f3 Bf5 19.Bc3 Bh6+ 20.Kb1 Nd5 21.Be1 Be3 22.Rh1 O-O  0-1

[Event "TCh-AUT 2 East 2012-13"]
[Site "Austria AUT"]
[Date "2013.02.03"]
[Round "7.5"]
[White "Prager,Michael"]
[Black "Beck,Hart"]
[Result "0-1"]
[WhiteElo "1996"]
[BlackElo "2295"]

1.e4 d5 2.exd5 Qxd5 3.Nc3 Qd6 4.d4 Nf6 5.Nf3 a6 6.Be2 Bf5 7.Bd3 Bg4 8.Be2 Nc6
9.Be3 O-O-O 10.Ng5 Be6 11.Nf3 Bf5 12.a3 e5 13.dxe5 Nxe5 14.Qxd6 Bxd6 15.O-O-O Neg4
16.Bd4 c5 17.Bxf6 Nxf6 18.h3 Ne4 19.Nxe4 Bxe4 20.Rhg1 Rhe8 21.Rge1 Bf4+ 22.Kb1 Rxd1+
23.Bxd1 Kc7 24.b3 b5 25.Rf1 a5 26.Kb2 b4 27.a4 Bc6 28.c4 g6 29.Ne1 Bd2 30.Nf3 Bc3+
31.Kc1 f6 32.g3 g5 33.h4 h6 34.Kc2 Rd8 35.Be2 g4 36.Ng1 Rd2+ 37.Kc1 Be4 38.f3 gxf3
39.Bxf3 Bd3 40.Rd1 Rc2+ 41.Kb1 Rb2+  0-1

[Event "Asian Zonal 3.2 2013"]
[Site "Thulhiriya City PHI"]
[Date "2013.02.03"]
[Round "2.4"]
[White "Reefat,S"]
[Black "Alahakoon,I"]
[Result "1-0"]
[WhiteElo "2441"]
[BlackElo "2064"]

1.e4 d5 2.exd5 Qxd5 3.Nc3 Qd6 4.d4 Nf6 5.Nge2 Bg4 6.f3 Bf5 7.a3 a6 8.Bf4 Qb6
9.b4 e6 10.Qd2 Bd6 11.g4 Bg6 12.Bg3 O-O 13.Bg2 Bxg3+ 14.hxg3 Rd8 15.g5 Nfd7  1-0

[Event "FSGM February 2013"]
[Site "Budapest HUN"]
[Date "2013.02.04"]
[Round "3.3"]
[White "Lizak,P"]
[Black "Saric,S"]
[Result "1/2-1/2"]
[WhiteElo "2428"]
[BlackElo "2418"]

1.e4 d5 2.exd5 Qxd5 3.Nc3 Qd6 4.d4 Nf6 5.Nf3 c6 6.h3 Bf5 7.Bc4 Nbd7 8.Qe2 e6
9.Be3 h6 10.g4 Bh7 11.O-O-O Be7 12.Ne5 Nxe5 13.dxe5 Qxe5 14.f4 Qc7 15.Rhe1 b5
16.Bd3 b4 17.Na4 Bxd3 18.Qxd3 Qa5 19.b3 Nd5 20.Bd4 O-O 21.f5 c5 22.Bb2 Rad8
23.Qe4 c4 24.Bd4 cxb3 25.axb3 Bh4 26.fxe6 Bxe1 27.Rxe1  1/2-1/2

[Event "ch-TUR 2013"]
[Site "Antalya TUR"]
[Date "2013.02.05"]
[Round "6.98"]
[White "Kansal,Evrim"]
[Black "Erdem,Huseyin Varol"]
[Result "1/2-1/2"]
[WhiteElo "1865"]
[BlackElo "1480"]

1.e4 d5 2.exd5 Qxd5 3.Nc3 Qd6 4.g3 c6 5.Bg2 Bf5 6.Nf3 Nd7 7.O-O Ngf6 8.d4 e6
9.Bf4 Qb4 10.Rb1 Be7 11.a3 Qb6 12.Re1 O-O 13.h3 h6 14.b4 Nd5 15.Nxd5 cxd5
16.Nh4 Bxh4 17.gxh4 Rac8 18.Rc1 Rc3 19.Re3 Rfc8 20.Qe2 Rxc2 21.Rxc2 Rxc2
22.Qd1 Rc4 23.Qa4 Nf6 24.Be5 Bc2 25.Qa5 Qxa5 26.bxa5 Nd7 27.Bd6  1/2-1/2

[Event "FSFMB February 2013"]
[Site "Budapest HUN"]
[Date "2013.02.05"]
[Round "4.3"]
[White "Brassoi-Tarnovszki,Aurel"]
[Black "Csiba,Tibor"]
[Result "1/2-1/2"]
[WhiteElo "1634"]
[BlackElo "1571"]

1.e4 d5 2.exd5 Qxd5 3.Nc3 Qd6 4.d4 Nf6 5.h3 c6 6.Nf3 Nbd7 7.Bc4 Nb6 8.Bb3 Be6
9.O-O Bxb3 10.axb3 e6 11.Bg5 Be7 12.Ne5 O-O 13.Bh4 Qd8 14.f4 Nfd5 15.Bxe7 Qxe7
16.Qf3 a5 17.Ne4 f6 18.Nd3 Nd7 19.Qg3 b6 20.Rfe1 Rfd8 21.c3 Nf8  1/2-1/2

[Event "Asian Zonal 3.2 2013"]
[Site "Thulhiriya City PHI"]
[Date "2013.02.05"]
[Round "5.7"]
[White "Kurukulasuriya,P"]
[Black "Wijekoon,C"]
[Result "1-0"]
[WhiteElo "2071"]
[BlackElo "2032"]

1.e4 d5 2.exd5 Qxd5 3.Nc3 Qd6 4.d4 Nf6 5.Nf3 a6 6.g3 b5 7.Bg2 Bb7 8.O-O e6
9.Bf4 Qb6 10.a4 Bd6 11.Ne5 Bxg2 12.Kxg2 Qb7+ 13.Qf3 Qxf3+ 14.Kxf3 b4 15.Ne4 Nxe4
16.Kxe4 Nd7 17.c4 bxc3 18.bxc3 Bxe5 19.Bxe5 Nxe5 20.dxe5 Rb8 21.Rab1 Kd7
22.Rb4 Rxb4+ 23.cxb4 c6 24.Rd1+ Kc7 25.Rd4 a5 26.bxa5 Ra8 27.Kf3 Rxa5 28.Rf4 Rxe5
29.Rxf7+ Kd6 30.Rxg7 h5 31.Rb7 c5 32.Rb6+ Kc7 33.Rb1 Kc6 34.a5 c4 35.Ra1 Kb7
36.a6+ Ka7 37.Ra4 Rc5 38.Ke2 c3 39.Kd1 Rf5 40.Rf4 Rc5 41.Kc2 Kxa6 42.Rf6 Re5
43.f4 Re2+ 44.Kxc3 Rxh2 45.Rxe6+ Kb5 46.Kd4 Rg2 47.Rg6 Kb4 48.Rb6+ Ka4 49.Rh6 Rxg3
50.Rh8 Kb5 51.Rc8 Rg1  1-0

[Event "FSFMB February 2013"]
[Site "Budapest HUN"]
[Date "2013.02.07"]
[Round "6.3"]
[White "Engelbrecht,I"]
[Black "Csiba,Tibor"]
[Result "1-0"]
[WhiteElo "1639"]
[BlackElo "1571"]

1.e4 d5 2.exd5 Qxd5 3.Nc3 Qd6 4.Bc4 Nf6 5.d3 g6 6.Nf3 c6 7.a4 Bg4 8.h3 Bxf3
9.Qxf3 Nbd7 10.Bf4 e5 11.Bg3 Bg7 12.O-O O-O 13.Rfe1 Nh5 14.Ne4 Qe7 15.Bh2 Kh8
16.Ng3 Nf4 17.Ne2 Nxe2+ 18.Rxe2 f6 19.Qe3 Qc5 20.Qd2 Nb6 21.b4 Nxc4 22.bxc5 Nxd2
23.Rxd2 Rfd8 24.Rb1 Rd7 25.Kf1 Bf8 26.f4 exf4 27.Bxf4 Bxc5 28.Re2 Bd6 29.Bxd6 Rxd6
30.Rxb7 f5 31.Ree7 h5 32.Rxa7 Rxa7 33.Rxa7 c5 34.Rc7 Ra6 35.Rxc5 Rxa4 36.Rc7 Rd4
37.Ke2 f4 38.Kf3 Ra4 39.Rc4 Ra1 40.Kxf4 Rg1 41.Kf3 Rf1+ 42.Ke2 Rf5 43.g4 hxg4
44.hxg4 Rf7 45.Re4 Kg7 46.c4 Rc7 47.Ke3 Kf6 48.Kd4 Rd7+ 49.Kc3 Ra7 50.d4 Kg5
51.d5 Kf6 52.Kb4 Rd7 53.Kb5 Rd6 54.Kc5 Ra6 55.d6 Kf7 56.Kd5 Ra4 57.d7 Ra5+
58.Kd6 Ra8 59.g5 Ra1 60.d8=Q  1-0